[Event "Angers op 10th"]
[Site "Angers"]
[Date "2015.04.25"]
[Round "4"]
[White "Lemoine, Sylvain"]
[Black "Rabouan, Jean Francois"]
[Result "0-1"]
[WhiteElo "1585"]
[BlackElo "1896"]
[PlyCount "56"]
[EventDate "2015.04.24"]
[EventType "swiss"]
[EventRounds "6"]
[EventCountry "FRA"]
[SourceTitle "CBM 166 Extra"]
[Source "ChessBase"]
[SourceDate "2015.06.18"]
[SourceVersion "1"]
[SourceVersionDate "2015.06.18"]
[SourceQuality "1"]

1. c4 e6 2. Nf3 d5 3. cxd5 exd5 4. d4 Nf6 5. Nc3 Bb4 6. Bg5 0-0 7. a3 Bxc3+ 8. bxc3 c5 9. Bxf6 Qxf6 10. e3 c4 11. Ne5 Qe7 12. g3 f6 13. Nf3 Bf5 14. h4 Nc6 15. Bg2 Bd3 16. Nd2 Rad8 17. Bf3 b5 18. Be2 Bf5 19. Bg4 Bg6 20. Bh5 Be8 21. Bxe8 Rfxe8 22. 0-0 a5 23. Re1 f5 24. Qb1 b4 25. axb4 axb4 26. Qxf5 bxc3 27. Nb1 Nxd4 28. Nxc3 Nxf5 0-1